Umenie Česko-Slovenska v Dánsku

Bibliographic Details
Main Author: Zuskinová, Iveta, 1950- (Author)
Format: Article
Language:Slovak
PhysicalDescription:Fot. 1.
Subjects:

MARC

LEADER 00000nab a2200000 a 4500
001 vtls000409628
003 SK-MaSNL
005 20260302234723.0
008 120924c1990 xo 0 slo
015 |a SNBRB19rr/mm-uuuuu 
035 |a CL0409752 
040 |a SNKBUCL  |b slo  |c SNKBUCL  |e AACR2 
041 0 |a slo 
044 |a xo  |c SK 
080 |a 7.091.4  |2 1981 
100 1 |a Zuskinová, Iveta,  |d 1950-  |4 aut  |9 105217 
245 1 0 |a Umenie Česko-Slovenska v Dánsku  |c Iveta Zuskinová 
300 |b Fot. 1. 
650 0 7 |a umenie  |2 snkbucl  |9 1060 
650 0 7 |a české umenie  |2 snkbucl  |9 2981 
650 0 7 |a slovenské umenie  |2 snkbucl  |9 3001 
655 7 |a články z novín a časopisov  |2 snkbucl  |9 267496 
773 0 |t Osvetová práca  |g Roč. 40, č. 25-26 (1990), s. 31-32 
850 |a Slovenská národná knižnica v Martine  |a MTA001 
852 |a SNK  |b KIS3GCP 
958 |a RK 
992 |a RBX 
999 |c 1551739  |d 1553669